000 011340am a2200277 004500
003 EG-GiCUC
008 070403s1991 ua g 000 0 ara d
017 _a5451 / 1991
_bمصر.دار الكتب
040 _aEG-GiCUC
_bara
_cEG-GiCUC
043 _an-us---
050 4 _aE877
_bF3 1991
092 0 4 _a973.927092
_bR2879f
_221
099 _a04
_a973.927092 R2879f
100 1 _aفهمى : فاروق
245 1 0 _aفضيحة كيتي :
_bغراميات نانسى.. مزورة !! /
_cفاروق فهمي
260 _aالقاهرة :
_bمؤسسة امون :
_c1991
300 _a159ص : صور ؛
_c22سم
600 1 0 _aريجان : نانسى :
_d1923-
651 7 _aالولايات المتحدة الامريكية
_xازواج الرؤساء
_xتراجم
_2qrmak
651 7 _aالولايات المتحدة الامريكية
_xالاحوال السياسية
_x1981-
_2qrmak
651 7 _aالولايات المتحدة الامريكية
_xتاريخ
_yالعصر الحديث
_xريجان
_y1981-1987
_2qrmak
902 _a2
905 _aبلتاجى
_eمراجع
905 _aجمال
_eمدخل
942 _2ddc
_cBK
999 _c94277
_d94277